000 00282pam a2200133 a 4500
020 _c
041 _h
082 _bHEL
100 _aHelath, Library
245 _aChilderns Health
_hTextual Documents
260 _aSpain
_bRabo Publishers
_c2006
300 _a293
930 _a11569
999 _c118391
_d118391